01102nab a22002297a 4500999001500000003000400015005001700019008004100036040000700077100004500084245011900129300001200248500003600260505012500296505015400421650002800575650003200603650003400635650003500669773015500704942001300859 c6049d6049OSt20260120230922.0190514b xxu||||| |||| 00| 0 spa d cPJ 96837aFernández Andreani, Patricia A. 10aIntervención societaria de una sociedad no regular. Perspectiva de género /cPatricia A. Fernández Andreani. ap. 8-12 aCita: TR LALEY AR/DOC/253/2024. aSumario: I. El caso.— II. Intervención. Interés que tutela.— III. Perspectiva de género.— IV. Conclusiones.  tFallo comentado: JNCom. Nro. 14 ~ 29/05/2023 ~ B., A. I. y otro c. R, A, de A. R. F. y sucesoras de L. I. B. Sociedad de Hecho s/ medida precautoria. 09967aDERECHO DE FAMILIA 09646aSOCIEDADES COMERCIALES 094044aPERSPECTIVA DE GÉNERO 091057aJURISPRUDENCIA APLICABLE0 0284493222dBuenos Aires : AbeledoPerrot, 1989-tDerecho de familia. Revista Interdisciplinaria de doctrina y jurisprudencia. Abril 2024-II.z18511201 2udccANA